Logo Quiz - Most Traded Stocks on the Market - Statistics

General Stats
  • This quiz has been taken 89 times
  • The average score is 11 of 15
Answer Stats
Picture Answer % Correct
Amazon
100%
Google
100%
Tesla
100%
Apple
99%
Microsoft
99%
Netflix
99%
Meta
87%
Nvidia
82%
Eli lilly
71%
Robinhood
49%
AMD
40%
Palantir
40%
Coinbase
36%
Broadcom
31%
United Healthcare
19%
No matching quizzes found
Score Distribution
Percent of People with Each Score
Percentile by Number Answered
Your Score History
You have not taken this quiz